El éxito de un Estado rentista: en caso de Malasia /
La renta y las instituciones son los pilares de la estabilidad y de la prosperidad Malasia. Los mecanismos del poder se apoyan en instituciones fuertes. A su vez, la renta (proveniente en su mayoría de la exportación de petróleo, gas y aparatos eléctricos) ha permitido a las autoridades invertir en...
Spremljeno u:
| Glavni autor: | |
|---|---|
| Format: | Tekst |
| Teme: | |
| Oznake: |
Dodaj oznaku
Bez oznaka, Budi prvi tko označuje ovaj zapis!
|
MARC
| LEADER | 00000 a a2200000 04500 | ||
|---|---|---|---|
| 001 | 5388 | ||
| 003 | |||
| 040 | |||
| 100 | |a Beaulieu, Isabelle | ||
| 245 | |a El éxito de un Estado rentista: |b en caso de Malasia / |c Isabelle Beaulieu | ||
| 520 | |a La renta y las instituciones son los pilares de la estabilidad y de la prosperidad Malasia. Los mecanismos del poder se apoyan en instituciones fuertes. A su vez, la renta (proveniente en su mayoría de la exportación de petróleo, gas y aparatos eléctricos) ha permitido a las autoridades invertir en el desarrollo del país y en servicios a la población. Esta situación ha dado una gran legitimidad a los gobiernos que se han sucedido en el poder desde 1957 hasta la actualidad (2007) | ||
| 590 | |a RRH/JUNIO2011 | ||
| 650 | |a 1.ESTADO | ||
| 650 | |a 2.AUTORITARISMO | ||
| 650 | |a 3.CRECIMIENTO ECONOMICO | ||
| 650 | |a 4.PAISES EXPORTADORES DE PETROLEO | ||
| 650 | |a 5.MALASIA | ||
| 773 | |g número 354; páginas 39-58 | ||
| 999 | |c 30212 |d 30212 | ||
